Ochrana spotrebiteľa v konkrétnej sfére diplomová práca

Saved in:
Bibliographic Details
Main Author: Mikulecová, Michaela
Corporate Author: Obchodná fakulta EU. Katedra marketingu
Other Authors: Korčoková, Marína, 1970-
Format: Book
Language:Slovak
Published: Bratislava 2017
Tags: Add Tag
No Tags, Be the first to tag this record!

MARC

LEADER 00000nbm a2200000 4500
001 0230609
005 20170929131443.2
041 0 |a slo 
044 |a SK 
245 1 0 |a Ochrana spotrebiteľa v konkrétnej sfére  |b diplomová práca  |c Michaela Mikulecová ; školiteľ: Marína Korčoková 
264 1 |a Bratislava  |c 2017 
300 |a 84 s. 
100 1 |a Mikulecová, Michaela 
700 1 |a Korčoková, Marína, 1970- 
710 2 |a Obchodná fakulta EU. Katedra marketingu